[Event "SVK-CRO"]
[Site "Piestany"]
[Date "1996.??.??"]
[Round "?"]
[White "Petrov, Jole"]
[Black "Pcola, Pavol"]
[Result "0-1"]
[WhiteElo "2355"]
[BlackElo "2415"]
[Annotator "King,D"]
[PlyCount "96"]
[EventDate "1996.??.??"]
[EventType "team"]
[EventRounds "2"]
[EventCountry "SVK"]
[SourceTitle "CBM 053"]
[Source "ChessBase"]
[SourceDate "1996.08.01"]
[SourceVersion "1"]
[SourceVersionDate "1996.08.01"]
[SourceQuality "1"]

1. Nf3 Nf6 2. g3 d5 3. Bg2 Bg4 4. O-O Nbd7 5. d4 e6 6. Nbd2 Bd6 7. Re1 c5 8. e4
cxd4 9. exd5 Nxd5 10. Nb3 Ne5 11. Nbxd4 O-O 12. h3 Bh5 13. Nb5 Qa5 14. Nxd6
Nxf3+ 15. Bxf3 Bxf3 16. Nxb7 Bxd1 17. Nxa5 Bxc2 18. Nc4 Rac8 19. b3 Rfd8 20.
Ba3 h5 21. Rac1 Bf5 22. h4 Rc6 23. Ne3 Ra6 24. Bc5 Nxe3 25. Bxe3 Rxa2 26. b4 a6
27. Ra1 Rxa1 28. Rxa1 Be4 29. Kh2 Bf3 30. Bc5 e5 31. Ra3 Bb7 32. Ra1 f6 33. Kg1
Kf7 34. Kf1 Kg6 35. Ke2 Bc6 36. Ke3 Bb5 37. Ra3 Kf5 38. f3 Rd1 {The speed with
which White loses is surprising, though I can't see a good way to defend. For
instance if White attempts to cover the 2nd rank with} 39. Kf2 (39. Ra2 Rd3+
40. Kf2 Bc6 41. Be3 Rb3 42. Rxa6 Rb2+ 43. Kf1 Bxf3 {is excellent for Black.})
39... g5 40. hxg5 fxg5 41. Be7 Rd2+ 42. Kg1 e4 $1 {Making room for the king.}
43. fxe4+ Kg4 $1 44. Bc5 Kh3 $1 45. Be7 Bd3 46. Ra5 Rg2+ 47. Kh1 Bxe4 48. Re5
Bf3 {Deadly finishing.} 0-1

[Event "DDR-ch 36th"]
[Site "Glauchau"]
[Date "1987.02.07"]
[Round "3"]
[White "Hesse, Peter"]
[Black "Knaak, Rainer"]
[Result "0-1"]
[WhiteElo "2375"]
[BlackElo "2505"]
[Annotator "Knaak,R"]
[PlyCount "54"]
[EventDate "1987.02.05"]
[EventType "tourn"]
[EventRounds "13"]
[EventCountry "DDR"]
[EventCategory "6"]
[SourceTitle "EXT 2003"]
[Source "ChessBase"]
[SourceDate "2002.11.25"]
[SourceVersion "1"]
[SourceVersionDate "2002.11.25"]
[SourceQuality "1"]

{SCHACH 4/1987} 1. d4 Nf6 2. Nf3 d5 3. Bf4 c6 4. e3 Qb6 5. Qc1 Nh5 6. Bg3 Nxg3
7. hxg3 Bf5 8. Nbd2 Nd7 9. c4 e6 ({Genauer} 9... h6 {,womit das Läuferpaar
vorerst zu erhalten war.}) 10. Nh4 Nf6 11. Nxf5 exf5 12. Bd3 g6 13. Qc2 Bb4 14.
cxd5 ({In Frage kam} 14. O-O-O) 14... cxd5 15. O-O $6 {Besser war es, diesen
Zug noch hinauszuschieben. Die Bauernstruktur ist nur scheinbar vorteilhaft
für Weiss, da seine Bauermasse unbeweglich ist. Ein Zug des f-Bauern würde e3
und g3 schwächen. Hingegen spielt die Vereinzelung des Bauern d5 keine grosse
Rolle.} Bxd2 16. Qxd2 Kf8 {/\ h5-h4} 17. Rac1 Kg7 18. Rc5 {Eine weitere
Ungenauigkeit.} ({Mit} 18. Rc3 {gefolgt von Rb3 und Qb4 liess sich der weisse
Plan realisieren.}) 18... Qd6 $1 19. Rb5 {Erst dieser Zug führt zu grossem
Nachteil.} ({Nur mit} 19. Qe2 {konnte der Angriff am Königsflügel noch
aufgehalten werden, z.B.} h5 20. Qf3 h4 21. Qf4 Qxf4 22. gxf4 h3 23. g3) 19...
b6 20. a4 h5 21. Qb4 Qd8 $1 {Zielt nach h4 und h8} 22. Qe1 {Das späte
Eingeständnis,} ({dass} 22. a5 {zu langsam wäre. Etwa} h4 23. gxh4 Rxh4 24. g3
(24. axb6 Qh8 25. f3 axb6) 24... Rh3 25. axb6 Qh8 26. Re1 Rh1+ 27. Kg2 Qh3+ 28.
Kf3 Qh5+ 29. Kg2 Rh2+ 30. Kg1 Qh3 {entscheidet schnell.}) 22... h4 23. gxh4
Rxh4 24. f3 Qh8 25. Rb3 Re8 26. Bb5 Re6 27. Qg3 Qh6 {[#]} (27... Qh6 {Weiss
gab bereits auf, da} 28. Kf2 f4 $1 29. exf4 Rxf4 30. Kg1 Rxd4 {einen Bauern
verliert bei weiterhin schlechter Stellung.}) 0-1

[Event "Serbian-ch 29th"]
[Site "Sabac"]
[Date "1998.04.30"]
[Round "11"]
[White "Popchev, Milko"]
[Black "Marciano, David"]
[Result "1/2-1/2"]
[WhiteElo "2455"]
[BlackElo "2485"]
[Annotator "Kostakiev,D"]
[PlyCount "64"]
[EventDate "1998.04.20"]
[EventType "tourn"]
[EventRounds "13"]
[EventCountry "YUG"]
[EventCategory "9"]
[SourceTitle "CBM 065"]
[Source "ChessBase"]
[SourceDate "1998.08.06"]
[SourceVersion "1"]
[SourceVersionDate "1998.08.06"]
[SourceQuality "1"]

1. d4 Nf6 2. Nf3 d5 3. Bf4 {A lot of very strong chess players have used this
move - from Wilhelm Steinits before to Antoaneta Stefanova today. Even
Nimtsovich paid earnest attention to it too.} c5 ({Exeptionaly instructive are
Nimtsoviche's advices for the typical position after} 3... e6 4. e3 c5 (4...
Be7 5. Bd3 Nbd7 6. Nbd2 (6. O-O c5 7. c4 cxd4 8. exd4 dxc4 {0-1 Janowski,
D-Jaffe,C/New York 1916 (18)}) 6... c5 7. c3 b6 8. Ne5 Nxe5 9. dxe5 Nd7 $11 {
0-1 Hristov,At-Georgiev,Ves/ SEMI FINAL Ch Bg, Shumen (7) 1995 (9)}) 5. c3 Nc6
6. Nbd2 (6. Bd3 Qb6 7. Qc2 Bd7 8. Nbd2 Rc8 9. Qb3 c4 10. Qxb6 axb6 11. Bc2 b5
$14 {Janowski,D-Showalter,J/Lexington,KY 1916/1-0 (49)}) 6... Be7 (6... Bd7 7.
Bd3 Qb6 8. Qc1 Rc8 9. O-O Be7 (9... cxd4 10. exd4 Nb4 11. Be2 Bb5 12. Qd1 Bxe2
$11 {0-1 Stefanova,A-Ninov,N/CH BG rapid open Vidin decembre 1995}) 10. Rb1 O-O
11. Qd1 Rfd8 12. Ne5 Nxe5 13. dxe5 Ne8 14. Qh5 f5 $15 {Marshall-Rubinstein,Ak/
Looodz 1908}) 7. h3 Bd6 $1 8. Ne5 Bxe5 9. dxe5 Nd7 10. Nf3 a6 $1 11. Bd3 f6 $1
12. exf6 {All moves decorated with "!" in the last line are recomended by
Nimtsovich}) (3... c6 4. c3 Bf5 5. Nbd2 Qb6 6. Qb3 e6 7. e3 Nbd7 8. h3 h6 9.
Ne5 Nxe5 10. Bxe5 Nd7 $11 {1/2-1/2 Savova,S-Velcheva,M/Ch-Bg-W 1996 (22)}) 4.
e3 Qb6 5. b3 (5. Nc3 Bf5 $6 (5... Qxb2 $5) 6. Nb5 $14 {1-0 A.Stefanova-Dojkova/
ch Bg 1995}) (5. Qc1 {1/2-1/2 Gretarsson Helgi Ass-Schandorff Lars/It,
Reykjavik (Iceland) 1997 (47)}) 5... Nc6 (5... Bg4 {0-1 Vervust J-Grotnes Nils/
It (open), Breda (Netherlands) 1994 (48)}) 6. c3 Bg4 7. Be2 e6 8. O-O Be7 {[#]}
9. h3 $146 (9. Nbd2 O-O 10. Ne5 (10. h3 Bh5 {Sahovic,D-Komarov,D/It \ Belgrade
(Yugoslavia) 1995/0-1 (41)}) 10... Bxe2 {Schlindwein,R-Portisch,L/Rapid
Hockenheim GER 1997/0-1 (41)}) 9... Bxf3 (9... Bh5 $5) (9... Bf5 $5) 10. Bxf3
O-O 11. Qd3 Rfd8 12. Nd2 h6 13. a3 Bd6 (13... Rac8) 14. Bxd6 Rxd6 15. b4 cxd4
16. cxd4 e5 17. dxe5 Nxe5 18. Qf5 Re8 19. Nb3 Nxf3+ 20. Qxf3 Ne4 {[#]} 21. Qd1
$1 (21. Qf5 $5 Rf6 $1 (21... Red8 22. Nd4 Rg6 23. Rac1 Rg5 24. Qf4 $14) 22.
Qxd5 Rxf2 $1 (22... Nxf2 23. Nc5 Rd8 24. Qxb7 Qd6 25. Ne4 $14) 23. Rxf2 Nxf2
24. Nc5 (24. Kxf2 Qxe3+ 25. Kf1 Re4 $11 26. Nd2 Rd4 27. Qxb7 Qxd2 (27... Rxd2
$2 28. Qc8+ Kh7 29. Qf5+ Kg8 30. Re1 $14)) (24. Kxf2 Qxe3+ 25. Kf1 Re4 26. Nd2
Rd4 27. Qxb7 Qd3+ 28. Kg1 Qe3+ 29. Kh1 Rxd2 30. Qc8+ Kh7 31. Qf5+ Kg8 32. Rc1
Rd8 $11) 24... Qf6 25. Rf1 Rxe3 $17) 21... Qd8 22. Rc1 (22. Qd4 $6 Rg6 23. Qxa7
Qh4 $15 (23... Qg5 $15)) 22... Rg6 {[#]} 23. f4 $6 $15 (23. Qh5 $142 $14 Rg5
24. Qf3 Rg6 25. Qf5 (25. Nd4 $2 Nd2) 25... Rg5 26. Qf4 $14) 23... Ng3 24. Rf3
Nf5 25. Rc3 Rge6 {[%cal Re6e3,Re8e3,Rf5e3,Gc3e3,Gf3e3] The pressure on the
backward pawn e3 grows} 26. Qd2 b6 $6 $11 ({Controls a5+c5 (XNb3) but better is
} 26... Qf6 27. Rd3 R6e7 $15 28. Nc5 (28. Nd4 Nd6 $17) 28... b6 29. Nb3 Re4 $15
) 27. Nd4 $15 (27. g4 $142 Nh4 (27... Nd6 28. Qxd5 Qh4 29. Kg2 Ne4 30. Rc7 Rd8
31. Rd7 Rxd7 32. Qxd7 $14) 28. Rg3 a6 $11) 27... Nxd4 28. Qxd4 Re4 29. Qd2 d4
30. Rd3 dxe3 31. Rfxe3 Qh4 32. Rxe4 Rxe4 1/2-1/2

[Event "Capablanca Memorial Elite 33rd"]
[Site "Havana"]
[Date "1998.05.08"]
[Round "2"]
[White "Miles, Anthony John"]
[Black "Nogueiras Santiago, Jesus"]
[Result "1-0"]
[WhiteElo "2595"]
[BlackElo "2520"]
[Annotator "Kostakiev,D"]
[PlyCount "91"]
[EventDate "1998.05.07"]
[EventType "tourn"]
[EventRounds "11"]
[EventCountry "CUB"]
[EventCategory "12"]
[SourceTitle "CBM 065"]
[Source "ChessBase"]
[SourceDate "1998.08.06"]
[SourceVersion "1"]
[SourceVersionDate "1998.08.06"]
[SourceQuality "1"]

1. d4 e6 2. Nf3 d5 3. Bg5 Be7 4. Bxe7 Qxe7 {This swaping seems more logic for
White. Bc6 rest enclosed by his own pawns e6+d5. On the other camp Bf1 is free
and stronger.} 5. Nbd2 Nf6 6. e3 Nbd7 (6... O-O 7. Bd3 Nbd7 8. O-O (8. Ne5 Qb4
{1-0 Hulak,K-Nogueiras,J/Izt Zagreb (Croatia) 1987 (35)}) 8... e5 9. e4 dxe4
10. Nxe4 exd4 {Borst Johan-Tondivar Babak/Ch Netherlands (students) 1996/1/2-1/
2 (41)}) 7. c4 c5 $146 (7... e5 8. cxd5 Nxd5 9. dxe5 Nxe5 {1/2-1/2 Garcia,
R-Amado,C/Mar del Plata (Argentina) 1964 (11)}) (7... O-O 8. cxd5 (8. Qc2 c6 {
Lukasiewicz,G-Warszawski Bartosz/Ch Poland (team) 1995/1-0 (58)}) 8... exd5 9.
Bd3 {Petrosian,T-Konstantinopolsky,A/Moscow 1947/1/2-1/2 (41)}) (7... c6 $5
$146) 8. Rc1 O-O 9. cxd5 Nxd5 10. a3 (10. e4 Nf4 11. g3 Ng6 12. dxc5 Nxc5 13.
h4 Rd8 14. h5 Nf8 $13) 10... cxd4 11. Nxd4 N7b6 (11... N7f6 12. e4 e5 13. Nb5
$11) 12. Be2 (12. Qh5 e5 13. N4f3 e4 $14) 12... Bd7 (12... e5 13. Nb5 $11) 13.
O-O $15 (13. Nc4 Rfc8 $11) 13... Rac8 14. Rxc8 Rxc8 15. Qb1 g6 16. Rc1 e5 (
16... Rxc1+ 17. Qxc1 e5 18. Nb5 Bxb5 19. Bxb5 $11) 17. N4b3 Na4 18. Bf3 Rxc1+
19. Nxc1 Be6 $14 (19... Bc6) 20. Nd3 Qc7 21. Qd1 Nab6 22. Ne4 Bf5 23. Ndc5 a5 (
23... Bxe4 24. Nxe4 f5 25. Ng3 $11) 24. h3 Kg7 25. Qd2 Bxe4 26. Nxe4 a4 27. g4
h6 28. Kg2 Qd7 29. Qc2 f5 30. Nc3 Qc8 $14 (30... e4 31. Bd1 Nxc3 32. Qxc3+ Kf7
33. Be2 $11) 31. Bxd5 $11 (31. gxf5 $5 gxf5 32. e4 Nxc3 33. bxc3 f4 34. Qd3 Qc5
35. Qd8) 31... Nxd5 32. Qxa4 Nxc3 33. bxc3 fxg4 34. hxg4 Qxc3 35. Qd7+ Kf6 36.
Qd6+ Kf7 37. Kg3 $11 (37. Kf3 Qc2 $14) 37... Qb2 38. a4 {[#]} Qa1 $2 $16 (38...
Qb1 $142 $11) 39. Qc7+ Kf6 (39... Ke6 40. Qb6+ Ke7 41. Qxb7+ Ke8 42. Qc6+ Ke7
43. Kg2 $18) 40. Qb6+ Kf7 (40... Kg5 $4 41. f4+ exf4+ 42. exf4#) 41. Qxb7+ Kf6
42. Qc6+ Kg7 43. Kg2 Qd1 44. Qb7+ Kg8 45. Qe4 Qd6 46. a5 (46. a5 Kf8 47. Qa8+
Ke7 48. a6 $18) 1-0

[Event "EU-chT (Men) 20th"]
[Site "Reykjavik"]
[Date "2015.11.17"]
[Round "5.2"]
[White "Eljanov, Pavel"]
[Black "Rapport, Richard"]
[Result "1-0"]
[WhiteElo "2753"]
[BlackElo "2693"]
[Annotator "Krasenkow,M"]
[PlyCount "147"]
[EventDate "2015.11.13"]
[EventType "team-swiss"]
[EventRounds "9"]
[EventCountry "ISL"]
[SourceTitle "CBM 170"]
[Source "ChessBase"]
[SourceDate "2016.01.15"]
[SourceVersion "1"]
[SourceVersionDate "2016.01.15"]
[SourceQuality "1"]
[WhiteTeam "Ukraine"]
[BlackTeam "Hungary"]
[WhiteTeamCountry "UKR"]
[BlackTeamCountry "HUN"]

1. d4 d5 2. Nf3 Bg4 {A tribute to Mikhail Chigorin, who often played this rare
system in his World Championship matches against William Steinitz.} 3. Ne5 Bf5
4. c4 f6 (4... e6 $6 5. cxd5 exd5 6. Qb3) 5. Nf3 e6 $14 {Compared to the 2.Nf3
e6 3.c4 system, Black's pawn is on f6, which rather weakens his position and
obstructs his development.} 6. Nc3 (6. Qb3 {is less promising due to} Nc6 $1 {
, e.g.} 7. Bd2 dxc4 8. Qxc4 Qd5 9. Qxd5 (9. e3 $5) 9... exd5 10. Nc3 O-O-O 11.
Rc1 g5 12. h3 Kb8 13. g3 Be4 14. Bg2 Nge7 $11 {1/2 (42) Santos,J (2390)
-Fernandes,A (2455) Lisbon 1991}) 6... c6 (6... Nc6 7. a3 Qd7 (7... Nge7 8. e3
Bg4 9. Be2 Qd7 10. b4 Nd8 11. O-O c6 12. e4 dxe4 13. Nxe4 Nf5 14. Bb2 Be7 15.
h3 Bxf3 16. Bxf3 O-O 17. Re1 $16 {1-0 (28) Skytte,R (2406)-Jaeckle,M (2253)
Germany 2012}) 8. e3 g5 9. b4 Nge7 {0-1 (58) Jakovljevic,V (2397)-Trkulja,G 
(2310) Prijedor 2015} 10. Bb2 h5 11. Nd2 $14) 7. g3 {A Catalan-type setup is
quite possible here. White will prepare e2-e4, and it is difficult for Black
to stop it without serious concessions.} (7. Qb3 $5 Qb6 8. c5 Qxb3 (8... Qc7 9.
e4 $1 dxe4 10. Nh4 {[%cal Gb3e6,Yf1c4]}) 9. axb3 Na6 10. e4 dxe4 11. Bxa6 bxa6
12. Nd2 O-O-O 13. Nc4 $36 {1/2 (75) Thorfinnsson,B (2220)-Gunnarsson,A (2263)
Strandgotu 2001}) 7... Bb4 (7... Be4 {1-0 (46) Papin,V (2534)-Pankov,G (2350)
St Petersburg 2010} 8. Bh3 $1 $16 {[%cal Ye1g1]}) (7... Bd6 8. Bg2 Ne7 9. O-O
O-O 10. Re1 Nd7 11. e4 Bg6 12. Qb3 dxc4 13. Qxc4 Bf7 14. e5 Nb6 15. Qe2 fxe5
16. dxe5 Bb4 17. Rd1 Ned5 18. Nxd5 Nxd5 19. Ng5 $14 {0-1 (31) Grandadam,N 
(2286)-Arnold,L (2378) Baden 2011}) 8. Qb3 {Immediately attacking the b7-pawn.}
(8. Bg2 Ne7 9. O-O O-O 10. Qb3 a5 11. a3 Bxc3 12. bxc3 Nd7 13. Nd2 a4 14. Qa2
Bg6 15. e4 Bf7 16. Rb1 $14 {0-1 (50) Kasparov,G (2735)-Short,N (2615) London
1987}) 8... a5 9. a3 Bxc3+ 10. bxc3 {[%cal Rb3b7]} Ne7 $6 (10... Qd7 11. a4 $5
{[%cal Yc1a3]}) 11. Bg2 ({It was quite possible to play} 11. Qxb7 Nd7 12. Bf4 {
but Pavel Eljanov doesn't want to take any risks in a superior position.})
11... Nd7 12. O-O a4 13. Qa2 Bg6 (13... Qa5 14. cxd5 cxd5 15. Nh4 $5 Qxc3 16.
Nxf5 Nxf5 17. e4 $36) 14. cxd5 exd5 15. c4 O-O 16. cxd5 Nxd5 17. Nd2 Bf7 18.
Qc2 Nc7 19. Bb2 Nb5 20. e4 $16 {A strong pawn centre and a bishop pair
guarantee White a clear advantage despite the activity of Black's knights.} Re8
(20... Nb6 21. Qc5 Nd7 22. Qb4) 21. Rfe1 Nb6 22. Qc5 Nd7 23. Qc2 Nb6 24. Qc5
Nd7 25. Qb4 Nb8 26. d5 $1 Qe7 27. Qxe7 Rxe7 28. Nc4 Nd7 29. Rac1 $6 {This loss
of time complicates White's task.} (29. dxc6 $5 Bxc4 (29... bxc6 30. Rac1) 30.
cxd7 Rxd7 31. e5 $16) 29... cxd5 30. exd5 Rxe1+ 31. Rxe1 Kf8 32. Ne3 Rc8 $14
33. Bh3 (33. Bc1 $1 {[%cal Yc1d2]}) 33... Rc7 34. Rb1 Nd6 35. Bd4 Bg6 (35...
Ne5 $1 $132) 36. Rb4 Nc5 37. Bf1 ({White can hardly convert his extra pawn
after} 37. Bxc5 Rxc5 38. Rxa4 Ke7) 37... Nd3 $6 {Black gives a pawn even
without exchanging White's bishop, in order to get counterplay. Still, it is a
risky decision.} (37... Ke7 $142 {with a solid defence.}) 38. Rxa4 Rc1 39. Kg2
$2 (39. f3 $1 $14) 39... Be4+ (39... Ne1+ $5 40. Kh3 Ne4 41. g4 Nxf2+ 42. Kg3
Ne4+ 43. Kf4 Nd6 $13) 40. f3 Ne1+ 41. Kf2 Bxf3 $6 ({Why not} 41... Nxf3 {
with an excellent position?}) 42. Bb2 Rb1 43. Bc3 Ne4+ 44. Rxe4 Bxe4 45. Bxe1 {
[%mdl 4096] White has won two pieces for a rook and converts his material
advantage relatively easily, despite the activity of Black's pieces.} Rb2+ 46.
Kg1 Rb1 47. Bb4+ Kf7 48. Kf2 Rb2+ 49. Ke1 Rb1+ 50. Kd2 {White has consolidated
his position, solving most of his technical problems.} Bxd5 $2 {Desperation.
White now traps Black's rook.} 51. Bd3 Rb2+ 52. Bc2 (52. Kc3 Rb3+ 53. Kc2 Be6
54. Nc4 $18 {was simpler.}) 52... Be6 53. Nd1 Ra2 54. Nc3 Ra1 55. Bb1 f5 56.
Kc1 Kg6 57. Kb2 Rxb1+ 58. Kxb1 Kh5 59. Ne2 g5 60. Kc1 Kg4 61. Kd2 Kh3 62. Be7
h6 63. Bf8 Kxh2 64. Bxh6 Bc4 65. Bxg5 Bxe2 66. Kxe2 Kxg3 {Of course, Black's
king is unable to reach the desirable a8-corner.} 67. Ke3 Kg4 68. Bf4 b5 69.
Be5 f4+ 70. Bxf4 Kf5 71. Kd4 $5 Kxf4 72. Kc5 Ke5 73. Kxb5 Kd6 74. Kb6 {We can
conclude that Richard Rapport has not managed to re-habilitate the 2...Bg4
system.} 1-0

[Event "Grenke Chess Classic 4th"]
[Site "Karlsruhe/Baden-Baden"]
[Date "2017.04.19"]
[Round "4"]
[White "Naiditsch, Arkadij"]
[Black "Meier, Georg"]
[Result "1/2-1/2"]
[WhiteElo "2702"]
[BlackElo "2621"]
[Annotator "Krasenkow,M"]
[PlyCount "136"]
[EventDate "2017.04.15"]
[EventType "tourn"]
[EventRounds "7"]
[EventCountry "GER"]
[EventCategory "20"]
[SourceTitle "CBM 178"]
[Source "ChessBase"]
[SourceDate "2017.05.14"]
[SourceVersion "1"]
[SourceVersionDate "2017.05.14"]
[SourceQuality "1"]

1. d4 d5 2. Nf3 Nf6 3. Bf4 c5 4. e3 Nc6 5. Nbd2 Bg4 (5... Qb6 {is the most
principled continuation here. After the text move we get a position usually
arising when White begins with 5.c3, which is equal anyway.}) 6. c3 e6 7. Qb3
Qc8 (7... Qb6 {can be met with} 8. Ne5 {e.g.} Nxe5 (8... Qxb3 9. axb3 Nxe5 10.
dxe5 Nd7 11. e4 $5) 9. Qxb6 $1 (9. Bxe5 Qxb3 10. axb3 Nd7 11. Bg3 Be7 12. dxc5
Bxc5 13. b4 {1-0 (40) Miles,A (2579)-Nogueiras Santiago,J (2563) Varadero 2000
CBM 077 [Tsesarsky]} Bb6 $11 {I.Tsesarsky}) 9... axb6 10. dxe5 Nd7 11. Bb5 $36
{[%cal Ye3e4]}) 8. h3 (8. Ne5 Nxe5 (8... Be7 9. Nxg4 Nxg4 10. Be2 Nf6 11. O-O
O-O 12. dxc5 Bxc5 {1-0 (25) Kramnik,V (2785)-Gelfand,B (2736) Moscow 2007} 13.
c4 $5) 9. dxe5 (9. Bxe5 Nd7 10. Bb5 f6 11. Bg3 a6 12. Bxd7+ Qxd7 13. f3 Bh5 14.
O-O Be7 $11 {1-0 (64) Sarapu,O (2350)-Ker,A (2305) New Zeeland 1990}) 9... c4
$1 10. Qc2 Bf5 11. Qd1 $6 (11. Qa4+ Qd7 12. Qxd7+ Nxd7 13. e4 $1 $11) 11... Ne4
12. Nf3 Nc5 13. Nd4 Bd3 $17 {0-1 (41) Georgiev,K (2640)-Andersen,M (2505)
Gjakova 2016}) (8. Nh4 $5 Qd7 9. h3 Bh5 10. g4 Bg6 11. dxc5 Bxc5 12. O-O-O
O-O-O 13. Bb5 Bd6 14. Qa4 Bxf4 15. exf4 Qc7 $11 {1-0 (40) Shimanov,A (2639)
-Cox,J (2338) Greensboro 2016}) 8... Bh5 9. g4 (9. Ne5 Be7 (9... Nxe5 $5) 10.
g4 Bg6 11. Nxg6 hxg6 12. Bg2 O-O 13. Qd1 Qd7 14. Qe2 Bd6 $11 {1/2 (27) Bagheri,
A (2490)-Balogh,C (2616) Beijing 2008}) 9... Bg6 10. Nh4 Be4 {Black loses two
tempi to provoke f2-f3. The possible explanation is that it will now be
dangerous for White to open up the position (d4xc5) due to weaknesses in his
camp. An artificial idea but Black's position is solid enough in any case.} (
10... Ne4 11. Nxg6 Nxd2 12. Qd1 hxg6 13. Qxd2 Qd7 14. Bg2 cxd4 15. exd4 Bd6 $11
{1/2 (22) Prohaszka,P (2591)-Horvath,J (2508) Hungary HUN 2016}) (10... cxd4 $5
11. exd4 Qd7) 11. f3 Bg6 12. Be2 Be7 13. Bg3 {White starts playing passively.}
(13. Nxg6 hxg6 14. dxc5 {is still possible. If} Bxc5 {then} 15. O-O-O $13 e5
$140 16. Qb5 $1) 13... a6 14. Kf2 b5 15. Qd1 Qd8 16. a4 b4 17. a5 (17. Rc1 $142
c4 $140 18. Nxg6 hxg6 19. b3 $1) 17... c4 {Black gradually gains the
initiative on the queenside.} 18. Nxg6 hxg6 19. h4 {This counterplay is not
dangerous before Black has castled.} Bd6 20. f4 Rb8 21. Qc2 Rb5 {Black
neglects prophylaxis.} (21... Qc7 $142 $1 $17 22. h5 $140 g5 $1) 22. h5 bxc3
23. bxc3 Qb8 $6 {Probably a miscalculation.} (23... gxh5 24. g5 Nd7 25. Bxh5
Ne7 {was still favourable for Black.}) 24. hxg6 Rxh1 25. Rxh1 Rb2 26. Rh8+ Ke7
$2 {After this move White obtains a clear advantage.} (26... Bf8 {was a must
but now it led to a double-edged position. For instance:} 27. Qa4 Qb5 28. Qxb5
axb5 29. g5 $1 Nd7 30. gxf7+ Kxf7 31. g6+ $1 Ke7 (31... Kxg6 32. Bh5+ Kf5 33.
Kf3 $1 Rxd2 34. Be8 Nf6 $1 35. Bxc6 Bd6 36. Rh2 $14) (31... Ke8 $6 32. Nf3 b4
33. cxb4 Nxb4 34. Ng5) 32. Nf3 b4 33. cxb4 Nxb4 34. Bh4+ Kd6 35. Bg3 Kc6 {
(an attempt to play for a win)} 36. Ne5+ Nxe5 37. fxe5 c3 38. Rxf8 c2 39. Kf3
$1 Kc7 (39... Rb1 40. Rc8+ Kb7 41. Rc5 c1=Q 42. Rxc1 Rxc1 43. Bh4 $1 {can only
be dangerous for Black}) 40. Rf7+ Kc6 41. Rf8 $11) 27. Rxb8 (27. Qc1 $5 Qxh8
28. Qxb2 Qb8 29. Qc2 $1 {, and Black's king comes under attack.}) 27... Rxc2
28. Rb7+ Nd7 29. gxf7 Rxd2 (29... Ncb8 30. Nf3 Rxc3 31. Ng5 $16) 30. Bh4+ (30.
f8=Q+ $5 Kxf8 31. Rxd7 Be7 32. f5 exf5 33. gxf5 Rc2 34. Rxd5 Rxc3 35. Kf3 $16)
30... Kf8 31. Rxd7 Be7 32. Bxe7+ Nxe7 33. g5 Kxf7 34. Ra7 Rc2 35. Ke1 $2 {
Unnecessary manoeuvring, which only loses time.} (35. Rxa6 {was probably
enough for a win:} Nf5 (35... Rxc3 36. Bh5+ $1 g6 37. Bg4 Nf5 38. Bxf5 exf5 39.
Rf6+ Kg7 40. a6 Ra3 41. Rb6 Kf7 42. Rb7+ Ke6 43. Rg7 $18) 36. Ra7+ $1 Kg6 37.
a6 Rxc3 (37... Ra2 38. e4 $1 dxe4 39. Ra8 Nd6 40. a7 Nb5 41. Ke3 $18) 38. Ra8
Ra3 39. a7 {[%cal Re2h5]} Nxe3 40. Rf8 Rxa7 41. Kxe3 $18) 35... Rxc3 36. Kd2
Ra3 37. Bh5+ g6 38. Bxg6+ Kxg6 39. Rxe7 {[%mdl 4096]} Ra2+ 40. Kc3 Ra3+ 41. Kd2
Ra2+ 42. Ke1 Kf5 {Black's king is active, and his counterplay is quite enough
for a draw.} 43. Kf1 c3 44. Rc7 Rc2 45. g6 Kxg6 46. Ke1 Kf5 47. Kd1 Rd2+ 48.
Kc1 Rd3 49. Kc2 Rxe3 50. Rc6 Rf3 51. Rxa6 Ke4 52. Rxe6+ Kxd4 {It is now White
who must display accuracy.} 53. a6 Rf2+ 54. Kb3 Rb2+ (54... Rxf4 55. a7 Rf8 56.
Ra6 Ra8 57. Ra5 $11) 55. Ka3 Rb1 56. Rc6 Kd3 57. a7 Ra1+ 58. Kb3 d4 59. Rc7 c2
60. Kb2 c1=Q+ 61. Rxc1 Rxa7 62. Rh1 Rc7 63. f5 Rc2+ 64. Kb3 Rf2 65. Rh3+ Ke4
66. Rh4+ Kd5 67. Rh8 Rxf5 68. Kc2 Ke4 1/2-1/2